Atlas of World War II

Bibliographic Details
Main Author: Natkiel,Richard
Format: Book
Published: China : World Publications , 2002
Subjects:

MARC

LEADER 00000cam a2200000 7i4500
001 0000054711
005 20151109.0
008 151109
020 |a 1840134550 
090 0 0 |a 912.09044   |b NAT 
100 0 |a Natkiel,Richard 
245 1 0 |a Atlas of World War II   |c Richard Natkiel 
260 |a China :   |b World Publications ,   |c 2002 
300 |a 192pg. 
500 |a Includes Index 
650 0 |a World War II 
999 |a 0000924950   |b Book   |c Adult Collection   |e Cawangan Bukit Gambir 
999 |a 0000937449   |b Book   |c Adult Collection   |e Cawangan Tangkak